000 00864aam a2200289 i 4500
001 768714001
003 CO-MdFUSB
005 20250901121152.0
007 ta
008 250901txxx ag |||| |||| 00| 0 spa d
040 _cCO-MdFUSB
041 0 _aspa
082 0 4 _223
_a249.5
_bJ661d
100 1 _aJohnson, Ruth I.
_eautor
245 1 0 _aDevocionario para el culto familiar
_c/ Ruth I. Johnson ; traducido por Matilde Cunis
264 0 _bMoody Press,
_a[Lugar de producción no identificado] :
_c[Fecha de producción no identificada]
300 _a128 páginas
336 _atexto
_btxt
_2rdacontent
337 _2rdamedia
_asin mediación
_bn
338 _2rdacarrier
_avolumen
_bnc
563 _aRústico
650 0 _aVida cristiana
_919
653 _aDevocionales
700 _aCunis, Matilde,
_911895
_etraductor
942 _cBK
945 _aJTF-925
999 _c36294
_d36294